000 00880nam a22002297a 4500
005 20100802104148.0
010 _aENG-97244
020 _a8188965561
_c595.00
035 _aEN-80777
037 _bDBAD/PUB
082 _a363.325
245 _aTerror terrorism states and societies :
_ba historical and philosophical perspective /
_cedited by Samir Kumar Das [and] Rada Ivekovic
260 _aNew Delhi
_bWoman unlimited
_c2010
270 _aK- 36 Hauz khas Enclave Ground Floor
_bNew Delhi
_e110016
300 _axxviii,300p
_c21cm (Hb)
650 _aTerror
_93768
650 _aterrorism philosophy
_93769
700 _aDas, Samir Kumar
_93770
700 _aIvekovic,Rada
_93771
942 _2ddc
_cEN
_h363.325
_mTER
999 _c38512
_d38512